POV /
ISBN:
9788410161610
Descripción Física:
130 pàgines : il·lustracions en blanc i negre ; 21 cm
Descripción:
POV es una rica, profunda y sólida exposición de los fundamentos conceptuales, reflexiones, experiencias, metodologías y procesos de trabajo de esta creadora de referencia, que recibió el Premio Nacional de Cultura en 2022 en la modalidad de Danza. Escrito íntegramente en primera persona en un lengu...
Colección:
Paragrafias
; 5
Otros Autores:
Vendrell Sales, Ester
Materias:
Guiu, Núria
; Dansa contemporània -- Filosofia
; Dansa contemporània
; Coreògrafes -- Catalunya
; Coreògrafs -- Catalunya
Idioma:
Catalán , Español
MARC
| LEADER | 00000cam a2200000 i 4500 | ||
|---|---|---|---|
| 001 | 28916 | ||
| 003 | AGDB | ||
| 005 | 20260324181533.0 | ||
| 008 | 230424e202505 spca||||||||||0|| 0|cat|c | ||
| 017 | |a DL B 7878-2025 |b Biblioteca de Catalunya | ||
| 020 | |a 9788410161610 | ||
| 020 | |a 9788410278356 | ||
| 040 | |a ES-BaIT |b cat |e rda |c ES-BaIT | ||
| 041 | |a spa | ||
| 080 | |a 793.5.07 Guiu, Núria | ||
| 080 | |a 792.8(460.23) | ||
| 100 | 1 | |a Guiu, Núria, |e autora |9 72189 | |
| 245 | 1 | 0 | |a POV / |c Núria Guiu Sagarra ; edición de Ester Vendrell Sales |
| 250 | |a Primera edición | ||
| 264 | 1 | |a Barcelona : |b Institut del Teatre : |b Comanegra : |b Mercat de les Flors ; |c mayo del 2025 | |
| 300 | |a 130 pàgines : |b il·lustracions en blanc i negre ; |c 21 cm | ||
| 336 | |a text |b txt |2 rdacontent | ||
| 337 | |a sense mediació |b n |2 rdamedia | ||
| 338 | |a volum |b nc |2 rdacarrier | ||
| 490 | |a Paragrafias ; |v 5 | ||
| 504 | |a Bibliografia, pàgines 125-127. | ||
| 520 | |a POV es una rica, profunda y sólida exposición de los fundamentos conceptuales, reflexiones, experiencias, metodologías y procesos de trabajo de esta creadora de referencia, que recibió el Premio Nacional de Cultura en 2022 en la modalidad de Danza. Escrito íntegramente en primera persona en un lenguaje directo y desgarrador, el texto nos permite captar el mundo interior y los referentes conceptuales y críticos que articulan el discurso artístico de esta creadora. -- contracoberta. | ||
| 546 | |a També en català (R. 28915). | ||
| 600 | 1 | 0 | |a Guiu, Núria |9 72189 |
| 650 | 7 | |a Dansa contemporània |x Filosofia |9 53798 | |
| 650 | 0 | |a Dansa contemporània |9 52658 | |
| 650 | 0 | |a Coreògrafes |z Catalunya |9 56590 | |
| 650 | 0 | |a Coreògrafs |z Catalunya |9 56579 | |
| 700 | 1 | |a Vendrell Sales, Ester, |e editor literari |9 72188 | |
| 710 | 2 | |a Institut del Teatre (Barcelona, Catalunya), |e entitat editora |9 52662 | |
| 710 | 2 | |a Mercat de les Flors, |e entitat editora |9 56582 | |
| 908 | |a CDMAE |a MACBA | ||
| 940 | |a CDMAE | ||
| 942 | |2 udc |c ARXIU |n 1 | ||
| 952 | |0 0 |1 0 |4 0 |6 BIB1310 |7 1 |9 98206 |a Arxiu |b Arxiu |d 2025-06-27 |l 0 |o Bib-1310 |p 28916 |r 2025-06-27 00:00:00 |w 2025-06-27 |y ARXIU | ||
| 999 | |c 129984 |d 129984 | ||